PRINIPLES, ACCOUTING (Record no. 37754)
[ view plain ]
| 000 -LEADER | |
|---|---|
| fixed length control field | 00267nam a22001217a 4500 |
| 008 - FIXED-LENGTH DATA ELEMENTS--GENERAL INFORMATION | |
| fixed length control field | 171106b xxu||||| |||| 00| 0 eng d |
| 041 ## - LANGUAGE CODE | |
| Language code of text/sound track or separate title | eng |
| 080 ## - UNIVERSAL DECIMAL CLASSIFICATION NUMBER | |
| Universal Decimal Classification number | 330.722.6 |
| 100 ## - Rafti | |
| Rafti | 61 |
| 101 ## - Shkurtesa | |
| Shkurtesa | KON |
| 245 ## - TITLE STATEMENT | |
| Title | PRINIPLES, ACCOUTING |
| Statement of responsibility, etc | ROBERT.P |
| 942 ## - ADDED ENTRY ELEMENTS (KOHA) | |
| Source of classification or shelving scheme | |
| Item type | Books |
No items available.